[Event "Tatry op"]
[Site "Tatranske Zruby"]
[Date "2010.10.09"]
[Round "9"]
[White "Nemcova, Vaclava"]
[Black "Skreno, Vladimir"]
[Result "0-1"]
[WhiteElo "2024"]
[BlackElo "2160"]
[PlyCount "60"]
[EventDate "2010.10.02"]
[EventType "swiss"]
[EventRounds "9"]
[EventCountry "SVK"]
[SourceTitle "CBM 138 Extra"]
[Source "ChessBase"]
[SourceDate "2010.10.29"]
[SourceVersion "1"]
[SourceVersionDate "2010.10.29"]
[SourceQuality "1"]

1. e4 c5 2. Na3 Nc6 3. Nf3 g6 4. d4 cxd4 5. Nxd4 Bg7 6. Nxc6 bxc6 7. c3 Nf6 8. Bd3 0-0 9. 0-0 d6 10. Qe2 Rb8 11. Be3 Qc7 12. f3 Nd7 13. Rab1 Ne5 14. Bd4 c5 15. Be3 Nxd3 16. Qxd3 Qa5 17. Rfd1 Be6 18. Nc2 Qxa2 19. Ra1 Qxb2 20. Rxa7 Rb7 21. Rxb7 Qxb7 22. Bg5 Ra8 23. Ne3 h6 24. Bh4 Ra2 25. Rb1 Qa7 26. Bf2 Ra3 27. Nd1 Ra1 28. Qb5 Qa2 29. Rxa1 Qxa1 30. Qd3 Bb3 0-1

[Event "Tatry op"]
[Site "Tatranske Zruby"]
[Date "2010.10.07"]
[Round "7"]
[White "Jambrich, Miroslav"]
[Black "Nemcova, Vaclava"]
[Result "0-1"]
[WhiteElo "1910"]
[BlackElo "2024"]
[PlyCount "86"]
[EventDate "2010.10.02"]
[EventType "swiss"]
[EventRounds "9"]
[EventCountry "SVK"]
[SourceTitle "CBM 138 Extra"]
[Source "ChessBase"]
[SourceDate "2010.10.29"]
[SourceVersion "1"]
[SourceVersionDate "2010.10.29"]
[SourceQuality "1"]

1. e4 g6 2. d4 Bg7 3. Nf3 d6 4. h3 e6 5. c3 Ne7 6. Bg5 b6 7. Nbd2 Bb7 8. Qc2 0-0 9. Bd3 c5 10. dxc5 dxc5 11. 0-0 Qc7 12. Bc4 Nbc6 13. a4 a6 14. Rac1 Rfe8 15. Rfe1 Rac8 16. Qd3 Ra8 17. g3 Na5 18. Ba2 b5 19. b4 c4 20. Qf1 Nac6 21. a5 Rad8 22. Bb1 Rd7 23. h4 Nc8 24. Qh3 f6 25. Be3 e5 26. h5 Bf8 27. Nh4 g5 28. Nf5 N6e7 29. Kh2 Nxf5 30. exf5 Nd6 31. Qg4 Qc6 32. Rg1 h6 33. f4 exf4 34. Bxf4 Rde7 35. Bxd6 Qxd6 36. Nf3 Re2+ 37. Kh3 Bxf3 38. Qxf3 Qd2 39. Rcd1 Qe3 40. Qd5+ Kg7 41. Qb7+ Re7 42. Qxa6 g4+ 43. Kxg4 Qg5+ 0-1

[Event "Havlickuv Brod op (Women)"]
[Site "Havlickuv Brod"]
[Date "2005.09.25"]
[Round "2"]
[White "Nemcova, Katerina"]
[Black "Nemcova, Vaclava"]
[Result "1-0"]
[WhiteElo "2101"]
[BlackElo "2062"]
[PlyCount "117"]
[EventDate "2005.09.24"]
[EventType "swiss"]
[EventRounds "9"]
[EventCountry "CZE"]
[SourceTitle "CBM 108 Extra"]
[Source "ChessBase"]
[SourceDate "2005.11.04"]
[SourceVersion "1"]
[SourceVersionDate "2005.11.04"]
[SourceQuality "1"]

1. e4 c6 2. d4 Na6 3. Nf3 Nc7 4. Bd3 g6 5. Be3 Bg7 6. c3 d5 7. e5 Bg4 8. h3 Bxf3 9. Qxf3 e6 10. 0-0 Ne7 11. Bg5 0-0 12. Qf4 Qd7 13. Nd2 b6 14. Nf3 c5 15. Nh2 Nf5 16. Ng4 Ne8 17. Nf6+ Bxf6 18. exf6 h6 19. Bxh6 Nxh6 20. Qxh6 Nxf6 21. Rae1 cxd4 22. cxd4 Qa4 23. Bxg6 Qxd4 24. Bb1 Ne4 25. Bxe4 dxe4 26. Re3 f5 27. Qxe6+ Rf7 28. b3 Rd8 29. Rfe1 Kf8 30. Qh6+ Ke8 31. Qc6+ Kf8 32. Qh6+ Ke8 33. Qf4 Kf8 34. Kh2 Qd6 35. Qxd6+ Rxd6 36. R1e2 Kg7 37. f3 exf3 38. Rxf3 Kg6 39. Ref2 Rd5 40. g4 f4 41. h4 Rd4 42. Kh3 Rf8 43. Rc2 Rf7 44. Rc6+ Kg7 45. g5 Rd1 46. Rc4 Rh1+ 47. Kg4 Rg1+ 48. Kh5 Rf8 49. Rc7+ Kg8 50. Kg6 Rg3 51. Rf1 Re3 52. Rg7+ Kh8 53. Rh7+ Kg8 54. Rg7+ Kh8 55. Rf7 Re6+ 56. Rf6 Rexf6+ 57. gxf6 Rg8+ 58. Kh6 Rg2 59. f7 1-0

[Event "EU-Cup (Women) 03rd Gr1"]
[Site "Wuppertal"]
[Date "1998.06.19"]
[Round "3"]
[White "Rajlich, Iweta"]
[Black "Nemcova, Vaclava"]
[Result "1-0"]
[WhiteElo "2420"]
[BlackElo "2050"]
[PlyCount "75"]
[EventDate "1998.06.17"]
[EventType "team-tourn"]
[EventRounds "3"]
[EventCountry "GER"]
[SourceTitle "EXT 2020"]
[Source "ChessBase"]
[SourceDate "2019.10.17"]
[SourceVersion "1"]
[SourceVersionDate "2019.10.17"]
[SourceQuality "1"]
[WhiteTeam "Rybnik Hugart (W)"]
[BlackTeam "Zizkov Viktoria (W)"]
[WhiteTeamCountry "POL"]
[BlackTeamCountry "CZE"]

1. d4 g6 2. c4 Bg7 3. Nf3 d6 4. Nc3 Nf6 5. e4 Nc6 6. d5 Nb8 7. Be2 0-0 8. 0-0 e5 9. Bg5 h6 10. Bh4 g5 11. Bg3 Nh5 12. Ne1 Nf4 13. Bg4 Nd7 14. Nc2 Nf6 15. Bxc8 Rxc8 16. Ne3 Kh7 17. Nf5 Ng6 18. f3 Ne7 19. Bf2 Nxf5 20. exf5 Qd7 21. Qd3 a6 22. Rac1 Rfd8 23. Rfd1 Kg8 24. b4 c6 25. Bb6 Re8 26. dxc6 Qxc6 27. c5 dxc5 28. bxc5 Bf8 29. Ne4 Nxe4 30. fxe4 Be7 31. Qd5 Qa4 32. f6 Bd8 33. Qxb7 Bxb6 34. cxb6 Rb8 35. Qc6 Qxa2 36. b7 Qb3 37. Rd7 Qe3+ 38. Kh1 1-0

[Event "CZE-ch (Women)"]
[Site "Chrudim"]
[Date "1994.??.??"]
[Round "8"]
[White "Nemcova, Vaclava"]
[Black "Boskova, Herta"]
[Result "1/2-1/2"]
[WhiteElo "1995"]
[BlackElo "1820"]
[PlyCount "99"]
[EventDate "1994.??.??"]
[EventType "swiss"]
[EventRounds "9"]
[EventCountry "CZE"]
[SourceTitle "EXT 1999"]
[Source "ChessBase"]
[SourceDate "1998.11.16"]
[SourceVersion "1"]
[SourceVersionDate "1998.11.16"]
[SourceQuality "1"]

1. b3 Nf6 2. Bb2 d5 3. e3 c6 4. f4 g6 5. Nf3 Bg7 6. Be2 Bg4 7. d3 Nbd7 8. h3 Bxf3 9. Bxf3 0-0 10. 0-0 Qb6 11. d4 Rac8 12. Nc3 e6 13. Na4 Qc7 14. Rc1 Rfe8 15. c4 Qb8 16. c5 Ne4 17. Bxe4 dxe4 18. Nc3 f5 19. b4 Nf6 20. Qb3 Nd5 21. Nxd5 exd5 22. Bc3 Bf6 23. a4 Be7 24. b5 Kg7 25. Rb1 Bf6 26. Rb2 Qa8 27. Rfb1 b6 28. bxc6 Qxc6 29. Bb4 Rb8 30. Qa3 Bh4 31. cxb6 Rxb6 32. Bc5 Rxb2 33. Rxb2 Bg3 34. Rb5 Rc8 35. Qb3 Rc7 36. Qb4 Kf7 37. Rb8 Ke6 38. Rb5 Kf7 39. Qb3 Ke6 40. Qb4 Kf7 41. Kf1 Ke6 42. Ke2 Qa6 43. Kd2 Qc6 44. Qa5 Kd7 45. Rb8 Bf2 46. Qb4 Bh4 47. Qb3 Ke6 48. Qb2 Qa6 49. Qb3 Qc6 50. Qb4 1/2-1/2

[Event "GER-ch op (Women)"]
[Site "Wuppertal"]
[Date "1994.??.??"]
[Round "?"]
[White "Nemcova, Vaclava"]
[Black "Vidonyak, Nellya"]
[Result "0-1"]
[WhiteElo "2065"]
[BlackElo "2250"]
[PlyCount "54"]
[EventDate "1994.??.??"]
[EventType "swiss"]
[EventRounds "9"]
[EventCountry "GER"]
[SourceTitle "EXT 2004"]
[Source "ChessBase"]
[SourceDate "2003.11.25"]
[SourceVersion "1"]
[SourceVersionDate "2003.11.25"]
[SourceQuality "1"]

1. e4 d5 2. Nc3 dxe4 3. Nxe4 Qd5 4. d3 Nc6 5. Nf3 Bf5 6. Ng3 Bg6 7. Be2 e6 8. Nh4 Nf6 9. Nxg6 hxg6 10. Bf3 Qd7 11. c3 0-0-0 12. d4 e5 13. 0-0 exd4 14. Bxc6 Qxc6 15. cxd4 Qd7 16. Be3 Ng4 17. h3 Nxe3 18. fxe3 f5 19. Rc1 Bd6 20. Qf3 Rdf8 21. Rc3 Kb8 22. Rb3 c6 23. Rc1 Ka8 24. Nf1 g5 25. e4 g4 26. hxg4 fxg4 27. Qd3 Qf7 0-1

[Event "CSR-ch (Women)"]
[Site "Pardubice"]
[Date "1991.??.??"]
[Round "?"]
[White "Kisova, Petra"]
[Black "Nemcova, Vaclava"]
[Result "1-0"]
[WhiteElo "2145"]
[BlackElo "2070"]
[PlyCount "71"]
[EventDate "1991.??.??"]
[EventType "tourn"]
[EventRounds "13"]
[EventCountry "CZE"]
[SourceTitle "EXT 1997"]
[Source "ChessBase"]
[SourceDate "1996.11.15"]
[SourceVersion "1"]
[SourceVersionDate "1996.11.15"]
[SourceQuality "1"]

1. e4 d6 2. d4 Nf6 3. Nc3 c6 4. Nf3 Bg4 5. Be2 e6 6. h3 Bh5 7. 0-0 Be7 8. Re1 d5 9. exd5 Nxd5 10. Ne4 Bg6 11. Bf1 0-0 12. c4 Nf6 13. Nc3 h6 14. Bf4 Na6 15. a3 Nc7 16. Qb3 Qc8 17. Rac1 Rd8 18. Rcd1 Bd6 19. Ne5 Bh7 20. g4 Na6 21. Bg2 Rb8 22. Qa4 b5 23. cxb5 cxb5 24. Nxb5 Bc2 25. Nxd6 Rxd6 26. Qa5 Bxd1 27. Rxd1 Nd5 28. Nxf7 Nxf4 29. Nxd6 Qc2 30. Qd2 Ne2+ 31. Kf1 Rxb2 32. Qxc2 Rxc2 33. Be4 Rb2 34. Bd3 Nc3 35. Rc1 Nd5 36. Rc8# 1-0

[Event "Prague Bohemians (Women)"]
[Site "Prague"]
[Date "1991.??.??"]
[Round "1"]
[White "Mozna Hojdarova, Eva"]
[Black "Nemcova, Vaclava"]
[Result "1/2-1/2"]
[WhiteElo "2105"]
[BlackElo "2070"]
[PlyCount "33"]
[EventDate "1991.??.??"]
[EventType "tourn"]
[EventRounds "11"]
[EventCountry "CZE"]
[SourceTitle "TD"]
[Source "ChessBase"]
[SourceDate "1994.03.01"]
[SourceVersion "1"]
[SourceVersionDate "1994.03.01"]
[SourceQuality "1"]

1. d4 g6 2. Nf3 Bg7 3. g3 d6 4. Bg2 Nf6 5. 0-0 0-0 6. c4 Nbd7 7. Nc3 c6 8. e4 Qc7 9. h3 e5 10. dxe5 Nxe5 11. Nxe5 dxe5 12. Be3 Be6 13. Qe2 Rfd8 14. Rad1 b6 15. b3 Rxd1 16. Rxd1 Rd8 17. Rxd8+ 1/2-1/2

[Event "Prague Bohemians (Women)"]
[Site "Prague"]
[Date "1991.??.??"]
[Round "2"]
[White "Nemcova, Vaclava"]
[Black "Kawaciukova, Zuzana"]
[Result "1-0"]
[WhiteElo "2070"]
[BlackElo "2135"]
[PlyCount "81"]
[EventDate "1991.??.??"]
[EventType "tourn"]
[EventRounds "11"]
[EventCountry "CZE"]
[SourceTitle "TD"]
[Source "ChessBase"]
[SourceDate "1994.03.01"]
[SourceVersion "1"]
[SourceVersionDate "1994.03.01"]
[SourceQuality "1"]

1. g3 d5 2. Bg2 e6 3. f4 c6 4. Nf3 Bd6 5. 0-0 f5 6. e3 Nf6 7. b3 0-0 8. Bb2 Nbd7 9. Qe2 Qe7 10. Ne5 Re8 11. d3 Bc7 12. Nd2 Nxe5 13. Bxe5 Bxe5 14. fxe5 Ng4 15. Nf3 Qc7 16. d4 Qf7 17. Bh3 Nh6 18. Ne1 Rf8 19. Bg2 Bd7 20. Nd3 Rac8 21. c4 Be8 22. Rac1 Kh8 23. Nf4 g5 24. Nd3 Rc7 25. cxd5 exd5 26. Rc2 Qg8 27. Bf3 Rg7 28. Kh1 Bg6 29. Rcc1 Re8 30. Rcd1 Nf7 31. Bh5 Nd8 32. Bxg6 hxg6 33. g4 Rf8 34. Rg1 Rh7 35. Rdf1 Ne6 36. gxf5 gxf5 37. Nf4 Nd8 38. Nh5 Rh6 39. Nf6 Qg6 40. Qf2 Rh4 41. Qxh4+ 1-0

[Event "CSR-ch (Women)"]
[Site "Pardubice"]
[Date "1991.??.??"]
[Round "?"]
[White "Nemcova, Vaclava"]
[Black "Medunova, Vera"]
[Result "1/2-1/2"]
[WhiteElo "2070"]
[BlackElo "2075"]
[PlyCount "96"]
[EventDate "1991.??.??"]
[EventType "tourn"]
[EventRounds "13"]
[EventCountry "CZE"]
[SourceTitle "EXT 1997"]
[Source "ChessBase"]
[SourceDate "1996.11.15"]
[SourceVersion "1"]
[SourceVersionDate "1996.11.15"]
[SourceQuality "1"]

1. e4 c5 2. d4 cxd4 3. c3 dxc3 4. Nxc3 Nc6 5. Nf3 d6 6. Bc4 e6 7. 0-0 Be7 8. Qe2 a6 9. Rd1 Qc7 10. Bf4 Ne5 11. Bxe5 dxe5 12. Rac1 Bd7 13. Bxa6 bxa6 14. Nd5 Qxc1 15. Rxc1 exd5 16. Nxe5 Nf6 17. Nxd7 Kxd7 18. e5 Ne4 19. Qg4+ Ke8 20. Rc8+ Rxc8 21. Qxc8+ Bd8 22. Qc6+ Ke7 23. Qxd5 f5 24. Qb7+ Ke6 25. f3 Ng5 26. f4 Ne4 27. Qxa6+ Kf7 28. Qc4+ Ke7 29. Qb4+ Kf7 30. a4 h5 31. Qb7+ Be7 32. Qd5+ Ke8 33. Qa8+ Bd8 34. Qc6+ Ke7 35. Qg6 Rf8 36. b4 Bc7 37. Qc6 Rc8 38. Qb7 Kd8 39. Qd5+ Ke7 40. g3 Bb6+ 41. Kg2 Rc2+ 42. Kf1 Rc1+ 43. Kg2 Rc2+ 44. Kf1 Rf2+ 45. Ke1 Re2+ 46. Kf1 Rf2+ 47. Ke1 Re2+ 48. Kf1 Rf2+ 1/2-1/2

[Event "CSR-ch (Women)"]
[Site "Pardubice"]
[Date "1991.??.??"]
[Round "?"]
[White "Repkova, Eva"]
[Black "Nemcova, Vaclava"]
[Result "1/2-1/2"]
[WhiteElo "2115"]
[BlackElo "2070"]
[PlyCount "25"]
[EventDate "1991.??.??"]
[EventType "tourn"]
[EventRounds "13"]
[EventCountry "CZE"]
[SourceTitle "EXT 1997"]
[Source "ChessBase"]
[SourceDate "1996.11.15"]
[SourceVersion "1"]
[SourceVersionDate "1996.11.15"]
[SourceQuality "1"]

1. e4 d5 2. exd5 Qxd5 3. Nc3 Qa5 4. d4 Nf6 5. Nf3 Bg4 6. h3 Bh5 7. g4 Bg6 8. Ne5 c6 9. h4 Be4 10. Nc4 Qd8 11. Nxe4 Nxe4 12. Qf3 Nd6 13. c3 1/2-1/2

[Event "CSR-ch (Women)"]
[Site "Pardubice"]
[Date "1991.??.??"]
[Round "?"]
[White "Skacelova, Libuse"]
[Black "Nemcova, Vaclava"]
[Result "1/2-1/2"]
[WhiteElo "2090"]
[BlackElo "2070"]
[PlyCount "107"]
[EventDate "1991.??.??"]
[EventType "tourn"]
[EventRounds "13"]
[EventCountry "CZE"]
[SourceTitle "EXT 1997"]
[Source "ChessBase"]
[SourceDate "1996.11.15"]
[SourceVersion "1"]
[SourceVersionDate "1996.11.15"]
[SourceQuality "1"]

1. e4 d5 2. exd5 Qxd5 3. Nc3 Qd8 4. d4 Nf6 5. Bc4 Bg4 6. Nf3 e6 7. 0-0 Be7 8. h3 Bh5 9. Bf4 c6 10. Be2 Nbd7 11. Ne5 Bxe2 12. Qxe2 0-0 13. Rad1 Nd5 14. Nxd5 exd5 15. Rfe1 Re8 16. Rd3 Nxe5 17. Bxe5 Bd6 18. Re3 Bxe5 19. Rxe5 Rxe5 20. Qxe5 Kf8 21. Qh5 h6 22. Qf5 Kg8 23. c3 Rc8 24. Re3 Rc7 25. Qe5 Kf8 26. Rg3 f6 27. Qf5 Kg8 28. Qg6 Kh8 29. Re3 Re7 30. Kf1 Rxe3 31. fxe3 Qe7 32. Kf2 Kg8 33. Kf3 a6 34. e4 dxe4+ 35. Qxe4 Qd7 36. c4 Kf8 37. d5 f5 38. Qe5 cxd5 39. Qxd5 Ke7 40. Qxd7+ Kxd7 41. Kf4 Ke6 42. h4 g6 43. b4 Kf6 44. a4 g5+ 45. hxg5+ hxg5+ 46. Ke3 Ke5 47. a5 f4+ 48. Kd3 g4 49. b5 axb5 50. cxb5 Kd5 51. a6 bxa6 52. bxa6 Kc6 53. Ke4 f3 54. gxf3 1/2-1/2

[Event "Prague Bohemians (Women)"]
[Site "Prague"]
[Date "1990.??.??"]
[Round "?"]
[White "Nemcova, Vaclava"]
[Black "Eretova, Kveta"]
[Result "1-0"]
[WhiteElo "2060"]
[BlackElo "2160"]
[PlyCount "123"]
[EventDate "1990.01.??"]
[EventType "tourn"]
[EventRounds "11"]
[EventCountry "CZE"]
[SourceTitle "TD"]
[Source "ChessBase"]
[SourceDate "1994.03.01"]
[SourceVersion "1"]
[SourceVersionDate "1994.03.01"]
[SourceQuality "1"]

1. b3 e5 2. Bb2 Nc6 3. e3 d6 4. Nc3 Nf6 5. Nge2 g6 6. d4 Bd7 7. Qd2 Bg7 8. d5 Ne7 9. Ng3 0-0 10. h4 h5 11. Be2 Nf5 12. Nxf5 Bxf5 13. 0-0-0 a6 14. Kb1 b5 15. Rdg1 b4 16. Nd1 a5 17. f3 Qb8 18. Nf2 a4 19. e4 Bd7 20. g4 axb3 21. axb3 Ra5 22. gxh5 Nxh5 23. Nd3 Qa7 24. Nxb4 Ra8 25. c3 Nf4 26. Kc2 Qf2 27. Bd1 Qxd2+ 28. Kxd2 Bh6 29. Ke1 Rb5 30. Bc1 Ra1 31. Bxf4 Bxf4 32. h5 Kg7 33. hxg6 fxg6 34. Rg2 Rb1 35. Ra2 Rxb4 36. cxb4 Bb5 37. Rh3 Be3 38. Rc2 Bb6 39. Rg2 Be3 40. Rc2 Bb6 41. Rhh2 Kf6 42. Rb2 Ra1 43. Ra2 Rb1 44. Rhb2 Rxb2 45. Rxb2 Kg5 46. Rg2+ Kf4 47. Rxg6 Ke3 48. Rg2 Bd3 49. Be2 Bxe2 50. Rxe2+ Kd3 51. Ra2 Kc3 52. Ra6 Bd4 53. Rc6+ Kxb3 54. Rxc7 Kxb4 55. Kd2 Kb5 56. Ke2 Bc5 57. Kf1 Kc4 58. Kg2 Kd4 59. Kg3 Bb4 60. Kg4 Ke3 61. Rc4 Ba5 62. Ra4 1-0

[Event "Prague Bohemians (Women)"]
[Site "Prague"]
[Date "1990.??.??"]
[Round "?"]
[White "Nemcova, Vaclava"]
[Black "Gizynska, B."]
[Result "1/2-1/2"]
[WhiteElo "2060"]
[BlackElo "2230"]
[PlyCount "58"]
[EventDate "1990.01.??"]
[EventType "tourn"]
[EventRounds "11"]
[EventCountry "CZE"]
[SourceTitle "TD"]
[Source "ChessBase"]
[SourceDate "1994.03.01"]
[SourceVersion "1"]
[SourceVersionDate "1994.03.01"]
[SourceQuality "1"]

1. b3 d5 2. Bb2 e6 3. e3 Nf6 4. f4 c5 5. Nf3 Nc6 6. Bb5 Bd7 7. 0-0 Rc8 8. Bxc6 Bxc6 9. Ne5 Be7 10. d3 b5 11. Nxc6 Rxc6 12. Nd2 0-0 13. Nf3 c4 14. Ne5 Rc8 15. Bd4 cxd3 16. cxd3 Bc5 17. Bxc5 Rxc5 18. Rc1 Qc7 19. Rxc5 Qxc5 20. Qc1 Rc8 21. Qxc5 Rxc5 22. g4 Ne8 23. Rf2 Nd6 24. Nf3 Kf8 25. Nd4 Rc3 26. Rd2 Ke7 27. Kf2 f6 28. Rc2 Rxc2+ 29. Nxc2 Kd7 1/2-1/2